000 00842cam a2200193 4500
001 WS114250
008 010822n 000 0 eng u
035 _a(Sirsi) u114250
245 _aSustainable Development
520 _aGovernment web site designed to increase awareness of sustainable development giving information on indicators for measuring sustainable development, the UK strategy 'A better Quality of Life', recent news, related documents and a discussion forum.
650 _aSUSTAINABLE DEVELOPMENT
650 _aGOVERNMENT
650 _aDISCUSSION FORUM
650 _aSUSTAINABLE ECONOMY
650 _aSUSTAINABLE COMMUNITIES
690 _aENVIRONMENTAL AND LAND CONSULTANCY
856 4 0 _uhttps://www.sustainable-development.gov.uk
_zView the website free of charge at www.sustainable-development.gov.uk...
942 _n0
999 _c119855
_d119855